Latin Beatitudes Quiz Stats

 Plays Quiz not verified by Sporcle

Challenge
Share
Tweet
Embed
Score 0/95 Timer 08:00
0 Plays Today
% Correct
Beati
63.6%
Beati
63.6%
Beati
63.6%
Beati
63.6%
et
63.6%
Beati
63.6%
Beati
63.6%
Beati
63.6%
Beati
63.6%
et
63.2%
et
63.2%
et
63.2%
Beati
57.9%
est
57.9%
est
54.5%
est
54.5%
in
52.6%
qui
50%
qui
50%
qui
50%
qui
47.4%
me:
42.1%
mites:
40.9%
spiritu:
40.9%
iustitiam:
40.9%
iustitiam:
40.9%
sunt
36.8%
quoniam
36.4%
regnum
36.4%
quoniam
36.4%
terram.
36.4%
quoniam
36.4%
% Correct
quoniam
36.4%
quoniam
36.4%
quoniam
36.4%
pacifici:
36.4%
quoniam
36.4%
quoniam
36.4%
regnum
36.4%
pauperes
31.8%
misericordes:
31.8%
Dei
31.8%
propter
31.8%
cum
31.6%
quoniam
31.6%
Sic
31.6%
caelorum.
27.3%
caelorum.
27.3%
persecuti
26.3%
omne
26.3%
propter
26.3%
persecuti
26.3%
ipsorum
22.7%
ipsi
22.7%
ipsi
22.7%
esuriunt
22.7%
ipsi
22.7%
ipsi
22.7%
mundo
22.7%
corde:
22.7%
ipsi
22.7%
filii
22.7%
ipsorum
22.7%
estis
21.1%
% Correct
fuerint,
21.1%
gaudete,
21.1%
caelis.
21.1%
prophetas,
21.1%
ante
21.1%
possidebunt
18.2%
lugent:
18.2%
consolabuntur.
18.2%
sitiunt
18.2%
saturabuntur.
18.2%
consequentur.
18.2%
vocabuntur.
18.2%
maledixerint
15.8%
vobis,
15.8%
vos
15.8%
malum
15.8%
adversum
15.8%
exultate,
15.8%
merces
15.8%
vestra
15.8%
copiosa
15.8%
enim
15.8%
vos.
15.8%
Deum
13.6%
dixerint
10.5%
mentientes,
10.5%
fuerunt
10.5%
videbunt.
9.1%
persecutionem
9.1%
patiuntur
9.1%
misericordiam
4.5%

You're not logged in!

Compare scores with friends on all Sporcle quizzes.
Join for Free
OR
Log In

You Might Also Like...

Show Comments

Extras

Top Quizzes Today


Score Distribution

Your Account Isn't Verified!

In order to create a playlist on Sporcle, you need to verify the email address you used during registration. Go to your Sporcle Settings to finish the process.

Report this User

Report this user for behavior that violates our Community Guidelines.

Details: